00844cam a2200277 45000010005000000030008000050050017000130080041000300200015000710350018000860400032001040410008001360820023001441000024001672450071001912600050002623000035003123500010003474900040003575040020003975040032004176500033004496500025004826500018005078300041005253821BD-RjUL20211208233804.0131221s1970 nyua bs 001 0 eng d a0231032722 a(BD-RjUL)3855 aDLCcDLCdDLCdBD-RjULbeng aeng00a331.0952bTAE 19701 aTaira, Koji,d1926-10aEconomic development & the labor market in Japan. /cby Koji Taira aNew York :bColumbia University Press,c1970. axiii, 282 p. :billus.c25 cm. a10.001 aStudies of the East Asian Institute aincludes index. aBibliography: p. [267]-273. 0aIndustrial relationszJapan. 0aLabor policyzJapan. 0aWageszJapan. 0aStudies of the East Asian Institute.